| 000 | 00408nam a2200157Ia 4500 | ||
|---|---|---|---|
| 008 | 230524s9999 xx 000 0 und d | ||
| 082 |
_a621.38 _bHAN |
||
| 100 | _aJohn C.Hancock | ||
| 245 | 3 | _aAn Introduction to The Principles of Communication Theory | |
| 250 | _a1ST | ||
| 260 |
_aNEW DELHI _bTMH _c2004 |
||
| 300 | _a"VIII,249" | ||
| 500 | _aQuantity Number: 2 | ||
| 650 | _aElectronics | ||
| 942 | _cBK | ||
| 999 |
_c37287 _d37287 |
||